Spon's architects' and builders' pocket-book (Record no. 114533)

MARC details
000 -LEADER
fixed length control field 00735cam a22002055a 4500
001 - CONTROL NUMBER
control field L156989
008 - FIXED-LENGTH DATA ELEMENTS--GENERAL INFORMATION
fixed length control field 120807s1878 xxk f 000 0 eng d
035 ## - SYSTEM CONTROL NUMBER
System control number (Sirsi) u156989
041 0# - LANGUAGE CODE
Language code of text/sound track or separate title eng
245 00 - TITLE STATEMENT
Title Spon's architects' and builders' pocket-book
260 ## - PUBLICATION, DISTRIBUTION, ETC.
Place of publication, distribution, etc. [S.l.
Name of publisher, distributor, etc. s.n.
Date of publication, distribution, etc. 1878]
300 ## - PHYSICAL DESCRIPTION
Extent 398 p.
Other physical details ill.
Dimensions 8 x 12 cm.
520 ## - SUMMARY, ETC.
Summary, etc. Cover title: "Spon's architects, builders' and contractors' pocket book of prices & memoranda 1878".
520 ## - SUMMARY, ETC.
Summary, etc. There is a signature inscribed in ink on the top of the first page: "W. W. Keates".
583 ## - ACTION NOTE
Action Condition reviewed
Time/date of action 20120807
Status condition level 3
651 #4 - SUBJECT ADDED ENTRY--GEOGRAPHIC NAME
Geographic name Great Britain
Chronological subdivision 1707-
690 ## - LOCAL SUBJECT ADDED ENTRY--TOPICAL TERM (OCLC, RLIN)
Topical term or geographic name as entry element Construction management
9 (RLIN) 6230
700 1# - ADDED ENTRY--PERSONAL NAME
Personal name Young, W.
Relator term Editor
942 ## - ADDED ENTRY ELEMENTS (KOHA)
Suppress in OPAC 0
Holdings
Withdrawn status Lost status Source of classification or shelving scheme Damaged status Not for loan Home library Current library Shelving location Date acquired Total Checkouts Full call number Barcode Date last seen Copy number Price effective from Koha item type
    Dewey Decimal Classification     Historic collection Historic collection Historic collection 07/08/2012   OCTAVO 1878 SPONS 30076625 06/08/2019 1 06/08/2019 Book